[Event "EWIBCC 2019"]
[Site "Monte-Carlo"]
[Date "2019.11.29"]
[Round "6.9"]
[White "Zhukova, Natalia"]
[Black "Gunina, Valentina"]
[Result "0-1"]
[WhiteElo "2323"]
[BlackElo "2509"]
[Annotator "TA"]
[PlyCount "52"]
[EventDate "2019.11.29"]
[EventType "swiss"]
[EventCountry "MNC"]
[SourceTitle "playchess.com"]
[Source "ChessBase"]
[SourceQuality "1"]

{[%evp 13,51,5,0,-9,4,12,35,30,21,15,30,29,49,39,45,37,32,41,39,16,62,60,303,316,614,608,927,927,912,879,896,888,29979,12826,29989,709,1131,291,283,-29999]} 1. c4 Nf6 2. Nc3 e5 3. Nf3 Nc6 4. e4 Bc5 5. Nxe5 Nxe5 6. d4 Bb4 7. dxe5 Nxe4 $1 8. Qf3 {A28: English Opening: Four Knights Variation} d5 {[#] Threatens to win with ...d4.} (8... Nxc3 9. bxc3 Be7 10. Qg3 g6 11. Bh6 d6 12. Be2 Be6 13. Rd1 Qd7 14. exd6 cxd6 15. O-O O-O-O {½-½ (52) Carlsen,M (2861)-Nepomniachtchi,I (2773) Abidjan 2019}) 9. Be2 O-O 10. O-O {White is slightly better.} Bxc3 $1 11. bxc3 c6 $146 ({Predecessor:} 11... Re8 12. Bf4 f6 13. cxd5 fxe5 14. Qxe4 exf4 15. Qf3 Qd6 {1-0 (24) Cornette,M (2602)-Johansson,L (2468) Germany 2018}) 12. Rd1 {cxd5 is the strong threat.} Be6 13. cxd5 cxd5 14. c4 $36 {[%mdl 2048] And now Ba3 would win. White has the initiative.} Qa5 $1 15. cxd5 Bxd5 {With the idea ...Nc3.} 16. Bb2 Rad8 17. Qe3 {aiming for Bf3.} b6 $2 (17... Rfe8 $14) 18. Bf3 $18 f5 $2 (18... Nxf2 19. Qxf2 Bxf3 20. Qxf3 Rxd1+ 21. Qxd1 Qc5+ 22. Kh1 Qb4) 19. exf6 gxf6 20. Bxe4 Bxe4 21. Qxe4 Rde8 22. Qg4+ Kh8 23. h3 (23. h4 $142 Rf7 24. Rd7 Rg8 25. Qe6 Rxd7 26. Qxd7 Qe5 27. Bxe5 Rg6 28. Rc1 fxe5 29. Rc7 Rxg2+ 30. Kxg2 h6 31. Qh7#) 23... Qb5 24. Rab1 (24. Rd7 $142 Qxd7 25. Qxd7 Rc8 26. Re1 Rcd8 {[#]} 27. Bxf6+ $1 {[%mdl 576] Deflection, Decoy} Rxf6 28. Qxd8+ {[%mdl 64] Double Attack} Kg7 29. Re8) 24... Qc6 25. Rd7 $2 (25. Re1 b5 26. Qg5 Rxe1+ 27. Rxe1) 25... Rg8 26. Qf5 $4 {[%mdl 8192]} ({And not} 26. Rxa7 Rxg4 27. hxg4 Kg8 $11) ({Much less strong is} 26. Rc1 $6 Qxc1+ 27. Bxc1 Rxg4 $16) (26. Rxh7+ $18 Kxh7 27. Qh5+ Kg7 28. Rc1 Qxc1+ {[%mdl 64] Remove Defender, Decoy} 29. Bxc1 Re1+ 30. Kh2 Rxc1 31. Qg4+ Kf7 32. Qd7+ Kg6 33. g4) 26... Qxg2# {Accuracy: White = 44%, Black = 12%.} 0-1

[Event "EWIBCC 2019"]
[Site "Monte-Carlo"]
[Date "2019.11.29"]
[Round "6.10"]
[White "Berend, Elvira"]
[Black "Muzychuk, Mariya"]
[Result "0-1"]
[WhiteElo "2349"]
[BlackElo "2552"]
[Annotator "TA"]
[PlyCount "104"]
[EventDate "2019.11.29"]
[EventType "swiss"]
[EventCountry "MNC"]
[SourceTitle "playchess.com"]
[Source "ChessBase"]
[SourceQuality "1"]

{[%evp 17,104,0,6,0,0,0,19,35,30,26,24,25,24,28,37,13,28,11,16,4,135,142,131,86,85,64,89,46,166,157,160,172,160,170,136,167,140,126,209,7,6,-374,-343,-639,-641,-854,-854,-835,-814,-834,-809,-1202,-477,-582,-574,-565,-570,-544,-491,-581,-564,-677,-655,-770,-769,-807,-818,-1008,-987,-792,-772,-2754,-2775,-2924,-2774,-2510,-2510,-2042,-2042,-2094,-1096,-1293,-1202,-950,0,-29982,-29976,-29999,29981]} 1. d4 d5 2. c4 ({Predecessor:} 2. Nf3 Nf6 3. g3 Bf5 4. Bg2 e6 5. O-O Nbd7 6. b3 Bd6 7. Bb2 Qe7 8. Nbd2 h6 9. c4 c6 10. Re1 {½-½ (62) Vijayalakshmi,S (2399)-Sareen,V (2346) Nagpur 2002}) 2... c6 3. Nf3 Nf6 4. Nbd2 Bf5 5. g3 h6 6. Bg2 e6 7. O-O Bd6 8. b3 O-O 9. Bb2 Nbd7 10. Re1 $146 {D11: Slav Defence: 3 Nf3 sidelines and 3...Nf6 4 e3 Bg4} (10. e3 Bd3 11. Re1 Qe7 12. Ne5 Bh7 13. Nxd7 Qxd7 14. e4 dxe4 15. Nxe4 Bxe4 16. Bxe4 Bb4 17. Re3 Nxe4 18. Rxe4 {0-1 (65) Riemersma,L (2452)-Van den Doel,E (2573) Amsterdam 2017}) 10... Qe7 11. Nh4 Bh7 (11... Be4 {seems wilder.} 12. Nhf3 Bf5) 12. e4 {The position is equal.} dxe4 13. Nxe4 Nxe4 14. Bxe4 Bxe4 15. Rxe4 Nf6 16. Re1 {Threatens to win with d5!} Bb4 17. Re2 Rfd8 18. Qc2 Nd7 {[#]} (18... Ba3 $11) 19. a3 $1 $16 {[%cal Ra3b4]} Ba5 {[#]} 20. d5 $1 {[%mdl 512]} cxd5 21. cxd5 {aiming for b4.} Rac8 22. Qb1 {Nf5! is the strong threat.} e5 (22... Bc3 $14) 23. Nf5 $18 Qf6 24. d6 Kh8 25. b4 Bb6 26. Qd3 Qe6 27. Rd1 Rc4 (27... a5 $16) 28. Ne3 $2 (28. Rde1 $18 {[%cal Rb2e5]} f6 29. Kh1) 28... Rc6 $11 29. Nd5 $2 {[%mdl 8192]} (29. Rdd2 $11) 29... Rxd6 $19 30. Red2 $2 (30. Qf3 Nf6 31. Rxe5) 30... Nf6 {[%cal Rd6d5]} 31. Qe2 Rxd5 32. Rxd5 Rxd5 33. Rxd5 Qxd5 34. Bxe5 Bd4 (34... Ne4 $142 35. Bc7 Bxc7) 35. Bf4 Ne4 36. Be3 Bxe3 37. Qxe3 a6 38. h4 f5 39. Qb6 Kh7 40. h5 Nf6 41. Qc7 Nxh5 42. Qe7 Nf6 43. Qe2 Ng4 44. Qc2 Qe4 45. Qd2 Ne5 {( -> ...Nf3+)} 46. Qd1 Nf3+ 47. Kf1 Nd4 {[%cal Re4h1]} 48. Qh5 Ne6 49. Qe8 Ng5 50. Qd7 Nf3 $2 (50... b5 $19 51. Qd2 Nf3) 51. a4 $2 {[%mdl 8192]} (51. Qd1 $11 Nd4 52. Kg1) 51... Nd4 {[%cal Re4h1]} 52. b5 Qh1# 0-1

[Event "EWIBCC 2019"]
[Site "Monte-Carlo"]
[Date "2019.11.29"]
[Round "6.11"]
[White "Belenkaya, Dina"]
[Black "Paehtz, Elisabeth"]
[Result "0-1"]
[WhiteElo "2302"]
[BlackElo "2484"]
[Annotator "RC"]
[PlyCount "116"]
[EventDate "2019.11.29"]
[EventType "swiss"]
[EventCountry "MNC"]
[SourceTitle "playchess.com"]
[Source "ChessBase"]
[SourceQuality "1"]
[TimeControl "180+2"]

1. e4 {[%emt 0:00:00]} c5 {[%emt 0:00:00]} 2. Nc3 {[%emt 0:00:01]} a6 {[%emt 0:00:00]} 3. g3 {[%emt 0:00:05]} b5 {[%emt 0:00:01]} 4. Bg2 {[%emt 0:00:05]} Bb7 {[%emt 0:00:00]} 5. d3 {[%emt 0:00:04]} e6 {[%emt 0:00:02]} 6. Nge2 {[%emt 0:00:02]} Nc6 {[%emt 0:00:04]} 7. O-O {[%emt 0:00:03]} d6 {[%emt 0:00:09]} 8. Be3 {[%emt 0:00:06]} Nf6 {[%emt 0:00:02]} 9. h3 {[%emt 0:00:03]} Be7 {[%emt 0:00:04]} 10. f4 {[%emt 0:00:06]} Qc7 {[%emt 0:00:02]} 11. Qd2 {[%emt 0:00:05]} Rd8 {[%emt 0:00:20]} 12. Bf2 {[%emt 0:00:05]} d5 {[%emt 0:00:04]} 13. exd5 {[%emt 0:00:34]} exd5 {[%emt 0:00:02]} 14. g4 {[%emt 0:00:45]} b4 {[%emt 0:00:08]} 15. Na4 {[%emt 0:00:03]} d4 {[%emt 0:00:26]} 16. Bg3 {[%emt 0:00:26]} O-O {[%emt 0:00:10]} 17. a3 {[%emt 0:00:08]} Nd5 {[%emt 0:00:09]} 18. axb4 {[%emt 0:00:18]} Ncxb4 {[%emt 0:00:08]} 19. Rf2 {[%emt 0:00:09]} Ne3 {[%emt 0:00:03]} 20. Bxb7 {[%emt 0:00:03]} Qxb7 {[%emt 0:00:02]} 21. c3 {[%emt 0:00:03]} Nbc2 {[%emt 0:00:10]} 22. Rc1 {[%emt 0:00:01]} Qb3 {[%emt 0:00:03]} 23. cxd4 {[%emt 0:00:04]} Qxa4 {[%emt 0:00:04]} 24. d5 {[%emt 0:00:15]} c4 {[%emt 0:00:10]} 25. Nc3 {[%emt 0:00:01]} Qb3 {[%emt 0:00:06]} 26. dxc4 {[%emt 0:00:06]} Bc5 {[%emt 0:00:05]} 27. Ne4 {[%emt 0:00:02]} Ba7 {[%emt 0:00:04]} 28. Kh2 {[%emt 0:00:05]} Nxg4+ {[%emt 0:00:09]} 29. hxg4 {[%emt 0:00:01]} Bxf2 {[%emt 0:00:02]} 30. Bxf2 {[%emt 0:00:05]} Nb4 {[%emt 0:00:05]} 31. d6 {[%emt 0:00:03]} Qf3 {[%emt 0:00:04]} 32. Ng5 {[%emt 0:00:02]} Qb7 {[%emt 0:00:05]} 33. c5 {[%emt 0:00:01]} h6 {[%emt 0:00:03]} 34. Nh3 {[%emt 0:00:02]} a5 {[%emt 0:00:05]} 35. Qc3 {[%emt 0:00:02]} Qc6 {[%emt 0:00:04]} 36. Bd4 {[%emt 0:00:02]} Rfe8 {[%emt 0:00:08]} 37. Rf1 {[%emt 0:00:05]} Re2+ {[%emt 0:00:01]} 38. Rf2 {[%emt 0:00:00]} Rxf2+ {[%emt 0:00:14]} 39. Nxf2 {[%emt 0:00:07]} f6 {[%emt 0:00:03]} 40. Bxf6 {[%emt 0:00:00]} Nd5 {[%emt 0:00:13]} 41. Qc4 {[%emt 0:00:00]} gxf6 {[%emt 0:00:01]} 42. Ne4 {[%emt 0:00:00]} Kg7 {[%emt 0:00:02]} 43. g5 {[%emt 0:00:01]} hxg5 {[%emt 0:00:01]} 44. fxg5 {[%emt 0:00:01]} Rh8+ {[%emt 0:00:03]} 45. Kg3 {[%emt 0:00:01]} f5 {[%emt 0:00:08]} 46. Nf6 {[%emt 0:00:01]} Nxf6 {[%emt 0:00:03]} 47. gxf6+ {[%emt 0:00:01]} Kg6 {[%emt 0:00:02]} 48. f7 {[%emt 0:00:04]} Qd7 {[%emt 0:00:06]} 49. Qd5 {[%emt 0:00:04]} Rc8 {[%emt 0:00:04]} 50. c6 {[%emt 0:00:03]} Qa7 {[%emt 0:00:06]} 51. Qe6+ {[%emt 0:00:01]} Kg5 {[%emt 0:00:01]} 52. Qe3+ {[%emt 0:00:02]} Kf6 {[%emt 0:00:03]} 53. d7 {[%emt 0:00:01]} Qxe3+ {[%emt 0:00:01]} 54. Kg2 {[%emt 0:00:05]} Rh8 {[%emt 0:00:03]} 55. c7 {[%emt 0:00:02]} Qe2+ {[%emt 0:00:01]} 56. Kg3 {[%emt 0:00:01]} Qg4+ {[%emt 0:00:01]} 57. Kf2 {[%emt 0:00:01]} Qf4+ {[%emt 0:00:01]} 58. Ke2 {[%emt 0:00:03]} Qxc7 {[%emt 0:00:15]} 0-1

[Event "EWIBCC 2019"]
[Site "Monte-Carlo"]
[Date "2019.11.29"]
[Round "6.12"]
[White "Reizniece-Ozola, Dana"]
[Black "Solozhenkina, Elizaveta"]
[Result "1-0"]
[WhiteElo "2305"]
[BlackElo "2314"]
[Annotator "ChessBase"]
[PlyCount "83"]
[EventDate "2019.11.29"]
[EventType "swiss"]
[EventCountry "MNC"]
[SourceTitle "playchess.com"]
[Source "ChessBase"]
[SourceQuality "1"]
[TimeControl "180+2"]

1. c4 {[%emt 0:00:00]} e5 {[%emt 0:00:00]} 2. Nc3 {[%emt 0:00:00]} Nf6 {[%emt 0:00:01]} 3. g3 {[%emt 0:00:00]} d5 {[%emt 0:00:01]} 4. cxd5 {[%emt 0:00:01]} Nxd5 {[%emt 0:00:01]} 5. Bg2 {[%emt 0:00:01]} Nb6 {[%emt 0:00:02]} 6. e3 {[%emt 0:00:00]} Nc6 {[%emt 0:00:05]} 7. Nge2 {[%emt 0:00:01]} h5 {[%emt 0:00:02]} 8. h4 {[%emt 0:00:13]} Bg4 {[%emt 0:00:10]} 9. f3 {[%emt 0:00:13]} Be6 {[%emt 0:00:29]} 10. d4 {[%emt 0:00:01]} exd4 {[%emt 0:00:17]} 11. exd4 {[%emt 0:00:02]} Nd5 {[%emt 0:00:07]} 12. O-O {[%emt 0:00:29]} Be7 {[%emt 0:00:17]} 13. Ne4 {[%emt 0:00:09]} Qd7 {[%emt 0:00:33]} 14. Bg5 {[%emt 0:00:16]} f6 {[%emt 0:00:04]} 15. Bd2 {[%emt 0:00:18]} O-O-O {[%emt 0:00:11]} 16. Rc1 {[%emt 0:00:03]} Rdg8 {[%emt 0:00:02]} 17. Qa4 {[%emt 0:01:09]} g5 {[%emt 0:01:12]} 18. hxg5 {[%emt 0:00:11]} fxg5 {[%emt 0:00:00]} 19. Nc5 {[%emt 0:00:17]} Bxc5 {[%emt 0:00:00]} 20. Rxc5 {[%emt 0:00:01]} Nb6 {[%emt 0:00:00]} 21. Qd1 {[%emt 0:00:10]} Nxd4 {[%emt 0:00:00]} 22. Bc3 {[%emt 0:00:02]} Nxe2+ 23. Qxe2 {[%emt 0:00:01]} Rh6 {[%emt 0:00:00]} 24. Be5 {[%emt 0:00:01]} c6 {[%emt 0:00:00]} 25. Rd1 {[%emt 0:00:01]} Bd5 {[%emt 0:00:00]} 26. f4 {[%emt 0:00:00]} Qe7 {[%emt 0:00:00]} 27. b4 {[%emt 0:00:02]} gxf4 {[%emt 0:00:05]} 28. Bxd5 {[%emt 0:00:02]} Nxd5 {[%emt 0:00:02]} 29. Rdxd5 {[%emt 0:00:03]} Rxg3+ {[%emt 0:00:01]} 30. Kf1 {[%emt 0:00:02]} Rhg6 {[%emt 0:00:02]} 31. Qxh5 {[%emt 0:00:06]} Rg1+ {[%emt 0:00:09]} 32. Kf2 {[%emt 0:00:00]} R6g2+ {[%emt 0:00:06]} 33. Kf3 {[%emt 0:00:01]} Rg3+ {[%emt 0:00:03]} 34. Ke4 {[%emt 0:00:01]} Re1+ {[%emt 0:00:02]} 35. Kf5 {[%emt 0:00:00]} Qf8+ {[%emt 0:00:06]} 36. Ke6 {[%emt 0:00:02]} Qg8+ {[%emt 0:00:00]} 37. Kf5 {[%emt 0:00:02]} Qf8+ {[%emt 0:00:00]} 38. Ke6 {[%emt 0:00:00]} Qg8+ {[%emt 0:00:01]} 39. Kf5 {[%emt 0:00:01]} Qf8+ {[%emt 0:00:02]} 40. Bf6 {[%emt 0:00:01]} Re8 {[%emt 0:00:04]} 41. Re5 {[%emt 0:00:02]} Rxe5+ 42. Rxe5 1-0

[Event "EWIBCC 2019"]
[Site "Monte-Carlo"]
[Date "2019.11.29"]
[Round "6.14"]
[White "Daulyte-Cornette, Deimante"]
[Black "Muetsch, Annmarie"]
[Result "1-0"]
[WhiteElo "2405"]
[BlackElo "2240"]
[Annotator "TA"]
[PlyCount "45"]
[EventDate "2019.11.29"]
[EventType "swiss"]
[EventCountry "MNC"]
[SourceTitle "playchess.com"]
[Source "ChessBase"]
[SourceQuality "1"]

{[%evp 27,45,5,10,0,6,0,5,4,10,-10,0,-11,221,230,705,726,767,777,764,756]} 1. e4 c5 2. Nc3 e6 3. Nge2 Nc6 4. d4 cxd4 5. Nxd4 Qc7 6. Be2 a6 7. O-O Nf6 8. Be3 Be7 9. f4 d6 10. Qe1 O-O 11. Qg3 Nxd4 12. Bxd4 b5 13. a3 Bb7 14. Kh1 Bc6 15. Bd3 {B85: Sicilian Scheveningen: 6 Be2 a6, lines with early Be3} (15. Rae1 Rad8 16. Bf3 Ne8 17. Qf2 Rc8 18. Rd1 Bf6 19. Rfe1 Bxd4 20. Qxd4 Rd8 21. e5 Bxf3 22. gxf3 d5 23. f5 Qc4 {1-0 (62) Kravtsiv,M (2672)-Harikrishna,P (2744) Riadh 2017}) 15... e5 16. fxe5 Nh5 17. Qh3 {The position is equal.} dxe5 18. Be3 {[#]} (18. Rf5 {is interesting.} exd4 19. Rxh5 h6 20. Nd5 Bxd5 21. Rxd5 Rad8 22. Qf3) 18... Nf6 $146 ({Predecessor:} 18... Nf4 19. Bxf4 exf4 20. e5 g6 21. Rae1 Bg5 22. e6 Rae8 {½-½ (35) Hillarp Persson,T (2618)-Cramling,P (2528) Kungsor 2009}) 19. Bg5 {aiming for Bxf6.} Bd7 $2 {[#]} (19... Rae8 $11) 20. Qh4 $1 $18 {Black must now prevent Nd5.} Qd8 $2 (20... Rfe8 21. Nd5 Nxd5 22. exd5 e4 23. Bxe4 (23. Bxe7 exd3 24. cxd3 Qe5 $11) 23... f5) 21. Nd5 {White is clearly winning.} Be6 22. Nxe7+ (22. Bxf6 gxf6 23. Nxf6+ Bxf6 $18) 22... Qxe7 23. Rxf6 {Accuracy: White = 63%, Black = 15%.} ({Weaker is} 23. Bxf6 gxf6 24. Rxf6 Kh8 $18) 1-0

[Event "EWIBCC 2019"]
[Site "Monte-Carlo"]
[Date "2019.11.29"]
[Round "6.15"]
[White "Savina, Anastasia"]
[Black "Benmesbah, Natacha"]
[Result "1-0"]
[WhiteElo "2354"]
[BlackElo "2265"]
[Annotator "NA"]
[PlyCount "60"]
[EventDate "2019.11.29"]
[EventType "swiss"]
[EventCountry "MNC"]
[SourceTitle "playchess.com"]
[Source "ChessBase"]
[SourceQuality "1"]
[TimeControl "180+2"]

1. d4 {[%emt 0:00:03]} Nf6 {[%emt 0:00:00]} 2. c4 {[%emt 0:00:02]} c5 {[%emt 0:00:00]} 3. d5 {[%emt 0:00:01]} g6 {[%emt 0:00:10]} 4. Nc3 {[%emt 0:00:02]} Bg7 {[%emt 0:00:01]} 5. Nf3 {[%emt 0:00:05]} d6 {[%emt 0:00:01]} 6. h3 {[%emt 0:00:07]} O-O {[%emt 0:00:02]} 7. e4 {[%emt 0:00:01]} e6 {[%emt 0:00:01]} 8. Bd3 {[%emt 0:00:02]} exd5 {[%emt 0:00:01]} 9. exd5 {[%emt 0:00:01]} Re8+ {[%emt 0:00:00]} 10. Be3 {[%emt 0:00:01]} Nbd7 {[%emt 0:00:26]} 11. O-O {[%emt 0:00:05]} a6 {[%emt 0:00:13]} 12. Re1 {[%emt 0:00:17]} Nh5 {[%emt 0:00:10]} 13. Qd2 {[%emt 0:00:31]} Ne5 {[%emt 0:00:05]} 14. Nxe5 {[%emt 0:00:06]} Rxe5 {[%emt 0:00:01]} 15. g4 {[%emt 0:00:17]} Qh4 {[%emt 0:00:28]} 16. Bf1 {[%emt 0:00:17]} Bxg4 {[%emt 0:00:03]} 17. hxg4 {[%emt 0:00:02]} Qxg4+ {[%emt 0:00:01]} 18. Bg2 {[%emt 0:00:01]} Rae8 {[%emt 0:00:06]} 19. Ne2 {[%emt 0:00:19]} f5 {[%emt 0:00:47]} 20. Kf1 {[%emt 0:00:47]} Qxc4 {[%emt 0:00:04]} 21. Rac1 {[%emt 0:00:03]} Qh4 {[%emt 0:00:20]} 22. Bg5 {[%emt 0:00:06]} Qg4 {[%emt 0:00:15]} 23. f3 {[%emt 0:00:22]} Qa4 {[%emt 0:00:19]} 24. b3 {[%emt 0:00:05]} Qb5 {[%emt 0:00:01]} 25. a4 {[%emt 0:00:01]} Qxb3 {[%emt 0:00:02]} 26. Nf4 {[%emt 0:00:04]} Rxe1+ {[%emt 0:00:10]} 27. Rxe1 {[%emt 0:00:01]} Qc4+ {[%emt 0:00:02]} 28. Kg1 {[%emt 0:00:03]} Rxe1+ {[%emt 0:00:04]} 29. Qxe1 {[%emt 0:00:01]} Nxf4 {[%emt 0:00:05]} 30. Qe8+ {[%emt 0:00:07]} Bf8 1-0

[Event "EWIBCC 2019"]
[Site "Monte-Carlo"]
[Date "2019.11.29"]
[Round "6.16"]
[White "Mkrtchian, Lilit"]
[Black "Gaprindashvili, Nona"]
[Result "1-0"]
[WhiteElo "2402"]
[BlackElo "2275"]
[Annotator "ChessBase"]
[PlyCount "119"]
[EventDate "2019.11.29"]
[EventType "swiss"]
[EventCountry "MNC"]
[SourceTitle "playchess.com"]
[Source "ChessBase"]
[SourceQuality "1"]
[TimeControl "180+2"]

1. c4 {[%emt 0:00:00]} d6 {[%emt 0:00:02]} 2. Nc3 {[%emt 0:00:02]} e5 {[%emt 0:00:01]} 3. g3 {[%emt 0:00:06]} g6 {[%emt 0:00:03]} 4. d4 {[%emt 0:00:03]} Nd7 {[%emt 0:00:01]} 5. Bg2 {[%emt 0:00:07]} Bg7 {[%emt 0:00:02]} 6. Nf3 {[%emt 0:00:04]} Nh6 {[%emt 0:00:03]} 7. h4 {[%emt 0:00:50]} f6 {[%emt 0:00:02]} 8. h5 {[%emt 0:00:08]} Nf7 {[%emt 0:00:02]} 9. hxg6 {[%emt 0:00:05]} hxg6 {[%emt 0:00:02]} 10. Rxh8+ {[%emt 0:00:05]} Bxh8 {[%emt 0:00:08]} 11. Nh4 {[%emt 0:00:18]} Nf8 {[%emt 0:00:06]} 12. Be3 {[%emt 0:00:31]} c6 {[%emt 0:00:02]} 13. Qd2 {[%emt 0:00:04]} Bd7 {[%emt 0:00:10]} 14. O-O-O {[%emt 0:00:04]} Qa5 {[%emt 0:00:12]} 15. Kb1 {[%emt 0:00:03]} O-O-O {[%emt 0:00:07]} 16. d5 {[%emt 0:00:22]} c5 {[%emt 0:00:03]} 17. Qc2 {[%emt 0:00:14]} f5 {[%emt 0:00:06]} 18. Bc1 {[%emt 0:00:03]} Bf6 {[%emt 0:00:03]} 19. Rh1 {[%emt 0:00:05]} e4 {[%emt 0:02:23]} 20. Bd2 {[%emt 0:00:05]} Qa6 {[%emt 0:00:00]} 21. b3 {[%emt 0:00:03]} g5 {[%emt 0:00:00]} 22. Nxf5 {[%emt 0:00:10]} Bxc3 {[%emt 0:00:00]} 23. Ne7+ {[%emt 0:00:01]} Kc7 {[%emt 0:00:00]} 24. Bxc3 {[%emt 0:00:01]} Re8 {[%emt 0:00:00]} 25. Ng8 {[%emt 0:00:01]} Bf5 {[%emt 0:00:00]} 26. Nf6 {[%emt 0:00:01]} Re7 {[%emt 0:00:00]} 27. Bxe4 {[%emt 0:00:03]} Bxe4 {[%emt 0:00:00]} 28. Nxe4 {[%emt 0:00:01]} b5 {[%emt 0:00:00]} 29. cxb5 {[%emt 0:00:03]} Qxb5 {[%emt 0:00:00]} 30. f3 {[%emt 0:00:03]} Nd7 {[%emt 0:00:00]} 31. Rh7 {[%emt 0:00:02]} a5 {[%emt 0:00:00]} 32. a4 {[%emt 0:00:05]} Qb7 {[%emt 0:00:00]} 33. Bxa5+ {[%emt 0:00:01]} Kb8 {[%emt 0:00:00]} 34. Qb2 {[%emt 0:00:06]} Qxd5 {[%emt 0:00:00]} 35. Nc3 {[%emt 0:00:05]} Qf5+ {[%emt 0:00:32]} 36. Qc2 Qxh7 {[%emt 0:00:00]} 37. Qxh7 {[%emt 0:00:03]} Kb7 {[%emt 0:00:00]} 38. Qg7 {[%emt 0:00:02]} Nde5 {[%emt 0:00:00]} 39. Qf6 {[%emt 0:00:01]} Rd7 {[%emt 0:00:00]} 40. Nd5 {[%emt 0:00:01]} c4 {[%emt 0:00:00]} 41. Bc3 {[%emt 0:00:02]} Nc6 {[%emt 0:00:12]} 42. b4 {[%emt 0:00:02]} Nfe5 {[%emt 0:00:00]} 43. Bxe5 {[%emt 0:00:02]} dxe5 {[%emt 0:00:00]} 44. Nc3 {[%emt 0:00:01]} Nxb4 {[%emt 0:00:00]} 45. Qxe5 {[%emt 0:00:01]} Nc6 {[%emt 0:00:00]} 46. Qb5+ {[%emt 0:00:01]} Kc7 {[%emt 0:00:00]} 47. Qxc4 {[%emt 0:00:01]} Rd4 {[%emt 0:00:00]} 48. Nb5+ {[%emt 0:00:01]} Kb6 {[%emt 0:00:00]} 49. Nxd4 {[%emt 0:00:02]} Nxd4 {[%emt 0:00:00]} 50. Qxd4+ {[%emt 0:00:00]} Kc6 {[%emt 0:00:00]} 51. Qf6+ {[%emt 0:00:02]} Kd5 {[%emt 0:00:00]} 52. Qxg5+ {[%emt 0:00:01]} Kc4 {[%emt 0:00:00]} 53. Qb5+ {[%emt 0:00:02]} Kd4 {[%emt 0:00:00]} 54. a5 {[%emt 0:00:01]} Ke3 {[%emt 0:00:00]} 55. a6 {[%emt 0:00:00]} Kf2 {[%emt 0:00:00]} 56. a7 {[%emt 0:00:01]} Kg2 {[%emt 0:00:00]} 57. a8=Q {[%emt 0:00:02]} Kg1 {[%emt 0:00:00]} 58. Qa7+ {[%emt 0:00:02]} Kf1 {[%emt 0:00:00]} 59. e4+ {[%emt 0:00:01]} Kg2 {[%emt 0:00:00]} 60. Qe2+ {[%emt 0:00:23]} 1-0

[Event "EWIBCC 2019"]
[Site "Monte-Carlo"]
[Date "2019.11.29"]
[Round "6.17"]
[White "Limanovska, Elizabete"]
[Black "Worek, Joanna"]
[Result "1-0"]
[WhiteElo "2178"]
[BlackElo "2316"]
[Annotator "ChessBase"]
[PlyCount "107"]
[EventDate "2019.11.29"]
[EventType "swiss"]
[EventCountry "MNC"]
[SourceTitle "playchess.com"]
[Source "ChessBase"]
[SourceQuality "1"]
[TimeControl "180+2"]

1. e4 {[%emt 0:00:00]} c5 {[%emt 0:00:00]} 2. Nf3 {[%emt 0:00:00]} Nc6 {[%emt 0:00:00]} 3. Bb5 {[%emt 0:00:05]} g6 {[%emt 0:00:01]} 4. Bxc6 {[%emt 0:00:02]} dxc6 {[%emt 0:00:01]} 5. d3 {[%emt 0:00:11]} Bg7 {[%emt 0:00:02]} 6. O-O {[%emt 0:00:04]} e5 {[%emt 0:00:03]} 7. a3 {[%emt 0:00:04]} Qe7 {[%emt 0:00:20]} 8. b4 {[%emt 0:00:08]} Nf6 {[%emt 0:00:08]} 9. Nbd2 {[%emt 0:00:10]} O-O {[%emt 0:00:07]} 10. Nc4 {[%emt 0:00:04]} Nd7 {[%emt 0:00:17]} 11. Qe2 {[%emt 0:00:23]} h6 {[%emt 0:00:07]} 12. bxc5 {[%emt 0:02:13]} Nxc5 {[%emt 0:02:18]} 13. Be3 {[%emt 0:00:00]} b5 {[%emt 0:00:00]} 14. Ncd2 {[%emt 0:00:00]} Ne6 {[%emt 0:00:00]} 15. Nb3 {[%emt 0:00:00]} a5 {[%emt 0:00:00]} 16. a4 {[%emt 0:00:00]} b4 {[%emt 0:00:00]} 17. Qd2 {[%emt 0:00:00]} Kh7 {[%emt 0:00:00]} 18. Ne1 {[%emt 0:00:00]} Ba6 {[%emt 0:00:00]} 19. Nxa5 {[%emt 0:00:00]} Qd6 {[%emt 0:00:00]} 20. Nb3 {[%emt 0:00:00]} f5 {[%emt 0:00:00]} 21. exf5 {[%emt 0:00:00]} gxf5 {[%emt 0:00:00]} 22. Rb1 {[%emt 0:00:00]} f4 {[%emt 0:00:00]} 23. Bb6 {[%emt 0:00:00]} Ng5 {[%emt 0:00:00]} 24. Bc5 {[%emt 0:00:07]} Qg6 {[%emt 0:00:00]} 25. f3 {[%emt 0:00:02]} Rfd8 {[%emt 0:00:00]} 26. Qe2 {[%emt 0:00:03]} Re8 {[%emt 0:00:00]} 27. Nd2 {[%emt 0:00:07]} Bb7 {[%emt 0:00:00]} 28. Rxb4 {[%emt 0:00:02]} Bc8 {[%emt 0:00:00]} 29. Kh1 {[%emt 0:00:02]} Ra5 {[%emt 0:00:00]} 30. Bb6 {[%emt 0:00:03]} Ra8 {[%emt 0:00:00]} 31. Ne4 {[%emt 0:00:01]} Nf7 {[%emt 0:00:00]} 32. a5 {[%emt 0:00:03]} Ba6 {[%emt 0:00:00]} 33. Nc5 {[%emt 0:00:03]} Bb5 {[%emt 0:00:00]} 34. c4 {[%emt 0:00:01]} Ba6 {[%emt 0:00:00]} 35. Nxa6 Rxa6 {[%emt 0:00:00]} 36. Qe4 {[%emt 0:00:05]} Nd6 {[%emt 0:00:00]} 37. Qxg6+ {[%emt 0:00:02]} Kxg6 {[%emt 0:00:00]} 38. Rf2 {[%emt 0:00:02]} Nf5 {[%emt 0:00:00]} 39. Kg1 {[%emt 0:00:02]} Bf8 {[%emt 0:00:00]} 40. Rb1 {[%emt 0:00:02]} Ne3 {[%emt 0:00:00]} 41. Nc2 {[%emt 0:00:01]} Nf5 {[%emt 0:00:00]} 42. Kf1 {[%emt 0:00:01]} Rb8 {[%emt 0:00:00]} 43. Nb4 {[%emt 0:00:05]} Bxb4 {[%emt 0:00:00]} 44. Rxb4 {[%emt 0:00:01]} Ne3+ {[%emt 0:00:00]} 45. Ke2 {[%emt 0:00:02]} Nc2 {[%emt 0:00:00]} 46. Rb2 {[%emt 0:00:01]} Nd4+ {[%emt 0:00:00]} 47. Bxd4 {[%emt 0:00:01]} Rxb2+ 48. Bxb2 {[%emt 0:00:01]} Kf5 {[%emt 0:00:00]} 49. Bc3 {[%emt 0:00:01]} Ra8 {[%emt 0:00:02]} 50. Rf1 {[%emt 0:00:01]} Rb8 {[%emt 0:00:01]} 51. Ra1 {[%emt 0:00:01]} h5 {[%emt 0:00:08]} 52. a6 {[%emt 0:00:01]} Ra8 {[%emt 0:00:01]} 53. a7 {[%emt 0:00:01]} h4 {[%emt 0:00:01]} 54. Ra5 {[%emt 0:00:01]} 1-0